Normal view
MARC view
- Swanström, Niklas.
Entry Personal Name
001 - CONTROL NUMBER
- control field: 12484
003 - CONTROL NUMBER IDENTIFIER
- control field: NUST
005 - DATE AND TIME OF LATEST TRANSACTION
- control field: 20181031042842.0
008 - FIXED-LENGTH DATA ELEMENTS
- fixed length control field: 181031|| aca||aabn | a|a d
040 ## - CATALOGING SOURCE
- Original cataloging agency: NUST
- Transcribing agency: NUST
100 ## - HEADING--PERSONAL NAME
- Personal name: Swanström, Niklas.
670 ## - SOURCE DATA FOUND
- Source citation: Work cat.: (NUST)0: Swanström, Niklas., Regional cooperation and conflict management :, 2002.
